000 00444nam a22001817a 4500
003 MPLRDC
005 20220104143110.0
008 210129b ||||| |||| 00| 0 eng d
082 _a161 MUK
100 _aSWAMI MUKTANANDA
245 _a拙火: 生命的秘密
_c王季庆译
250 _a初版
260 _a
_b方智出版公司
_c1989
300 _b
490 _a新时代系列. 4
650 _a认识论
942 _cBK
_o161 MUK
999 _c36610
_d36600